01000nam a22001817a 4500003000900000008004100009020002200050040007100072082001900143110007200162245010100234260008900335300002700424440002700451505028400478650003200762650002400794AR-CdUCM190429b ||||| |||| 00| 0 spa d a978-612-45209-0-7 aMUNICIPALIDAD PROVINCIAL DEL CUSCOcBIBLIOTECA MUNICIPAL DEL CUSCO a633.368 /bM22 aAsociación para la conservación de la cuenca amazónica, ACCA. aTécnicas para la recolección de castaña, Bertholletia excelsa, en el bosque amazónico /  aCusco :bAsociación para la conservación de la cuenca amazónica, ACCA.,c2009. a26 páginas ;c21 cm. aManual castañero.n1 aContenido :¿Como manejar tu castaña? -- Recomendaciones para aprovechar tu castaña -- Tratamiento silviculturales -- Recomendaciones para minimizar los impactos negativos de la actividad castañera -- Seguridad del castañero durante la zafra o cosecha de la castaña ... aProducción de castañas. aCiencias naturales.